000 01437nam a2200205Ia 4500
003 Ost
005 20260507075451.0
008 260507s9999||||xx |||||||||||||| ||und||
040 _cfsecg
041 _aara
082 _a345.566026
100 _eمؤلف
245 0 _aتبييض الاموال و سرية اعمال المصارف :
_bآليات مكافحة و معالجة الاموال /
260 _aالقاهرة:
_bمنشورات المنظمة العربية للتنمية الادارية,
_c2007
300 _a312 صفحة؛
_c30 سم
520 _aتبييض الاموال وسرية اعمال المصارف: آليات مكافحة ومعالجة غسل الاموال : بحوث واوراق عمل ملتقى "غسل الاموال"، المنعقد في الشارقة بدولة الامارات العربية المتحدة في فبراير 2007 [و] ندوة "تبييض الاموال وسرية اعمال المصارف" المنعقد في القاهرة بجمهورية مصر العربية في ابريل 2007 والمحاور كالتالي : ندوة تبيض الأموال وسرية أعمال المصارف ، ورشة عمل أليات مكافحة تبيض الأموال ، ملتقى غسل الأموال وأليات مكافحة ومعالجة غسل الأموال
653 _aالبنوك ،جرائم البنوك
653 _aتبييض اموال
942 _cكتاب
999 _c44631
_d44631